Control systems engineering (Record no. 15118)

MARC details
000 -LEADER
fixed length control field 00690nam a2200229Ia 4500
003 - CONTROL NUMBER IDENTIFIER
control field IN-BaIIA
008 - FIXED-LENGTH DATA ELEMENTS--GENERAL INFORMATION
fixed length control field 211028s9999 xx 000 0 eng d
020 ## - INTERNATIONAL STANDARD BOOK NUMBER
International Standard Book Number 9971-51-323-4
040 ## - CATALOGING SOURCE
Transcribing agency IIA Library
080 ## - UNIVERSAL DECIMAL CLASSIFICATION NUMBER
Universal Decimal Classification number 621.337.1
Item number NIS
100 ## - MAIN ENTRY--PERSONAL NAME
Personal name Nise, Norman S.
9 (RLIN) 27593
245 #0 - TITLE STATEMENT
Title Control systems engineering
Statement of responsibility, etc. Norman S. Nise
250 ## - EDITION STATEMENT
Edition statement 3rd ed.
260 ## - PUBLICATION, DISTRIBUTION, ETC.
Place of publication, distribution, etc. New York
Name of publisher, distributor, etc. John Wiley & Sons
Date of publication, distribution, etc. 2000
300 ## - PHYSICAL DESCRIPTION
Extent xxii, 970p.
650 ## - SUBJECT ADDED ENTRY--TOPICAL TERM
Topical term or geographic name entry element Automatic Control
9 (RLIN) 3307
650 ## - SUBJECT ADDED ENTRY--TOPICAL TERM
Topical term or geographic name entry element Root Locus Techniques
9 (RLIN) 27594
650 ## - SUBJECT ADDED ENTRY--TOPICAL TERM
Topical term or geographic name entry element Steady State Errors
9 (RLIN) 27595
650 ## - SUBJECT ADDED ENTRY--TOPICAL TERM
Topical term or geographic name entry element Systems Engineering
9 (RLIN) 27596
650 ## - SUBJECT ADDED ENTRY--TOPICAL TERM
Topical term or geographic name entry element Time Response
9 (RLIN) 27597
942 ## - ADDED ENTRY ELEMENTS (KOHA)
Koha item type Books
Holdings
Withdrawn status Lost status Damaged status Not for loan Home library Current library Shelving location Date acquired Source of acquisition Cost, normal purchase price Total Checkouts Full call number Barcode Date last seen Cost, replacement price Price effective from Koha item type Purchase Price
        IIA Library-Bangalore IIA Library-Hosakote General Stacks 16/06/2003 SABD 495.00   621.337.1/ NIS 16040 05/11/2021 495.00 16/06/2003 Books Rs. 495.00

Powered by Koha